<?xml version="1.0" encoding="UTF-8"?>
<collection xmlns="http://www.loc.gov/MARC21/slim">
 <record>
  <leader>02931cam a22004932cc4500</leader>
  <controlfield tag="001">1071830473</controlfield>
  <controlfield tag="003">DE-627</controlfield>
  <controlfield tag="005">20240424195832.0</controlfield>
  <controlfield tag="007">tu</controlfield>
  <controlfield tag="008">850101s1968    gw |||||      00| ||ger c</controlfield>
  <datafield tag="035" ind1=" " ind2=" ">
   <subfield code="a">(DE-627)1071830473</subfield>
  </datafield>
  <datafield tag="035" ind1=" " ind2=" ">
   <subfield code="a">(DE-576)001830473</subfield>
  </datafield>
  <datafield tag="035" ind1=" " ind2=" ">
   <subfield code="a">(DE-599)BSZ001830473</subfield>
  </datafield>
  <datafield tag="035" ind1=" " ind2=" ">
   <subfield code="a">(OCoLC)310586156</subfield>
  </datafield>
  <datafield tag="035" ind1=" " ind2=" ">
   <subfield code="a">(OCoLC)310586156</subfield>
  </datafield>
  <datafield tag="040" ind1=" " ind2=" ">
   <subfield code="a">DE-627</subfield>
   <subfield code="b">ger</subfield>
   <subfield code="c">DE-627</subfield>
   <subfield code="e">rakwb</subfield>
  </datafield>
  <datafield tag="041" ind1=" " ind2=" ">
   <subfield code="a">ger</subfield>
  </datafield>
  <datafield tag="044" ind1=" " ind2=" ">
   <subfield code="c">XA-DE-BY</subfield>
  </datafield>
  <datafield tag="084" ind1=" " ind2=" ">
   <subfield code="a">1</subfield>
   <subfield code="2">ssgn</subfield>
  </datafield>
  <datafield tag="084" ind1=" " ind2=" ">
   <subfield code="a">NF 1100</subfield>
   <subfield code="2">rvk</subfield>
   <subfield code="0">(DE-625)rvk/125191:</subfield>
  </datafield>
  <datafield tag="084" ind1=" " ind2=" ">
   <subfield code="a">NF 1200</subfield>
   <subfield code="q">DE-24/19sred</subfield>
   <subfield code="2">rvk</subfield>
   <subfield code="0">(DE-625)rvk/125211:1186</subfield>
  </datafield>
  <datafield tag="084" ind1=" " ind2=" ">
   <subfield code="a">15.19</subfield>
   <subfield code="2">bkl</subfield>
  </datafield>
  <datafield tag="084" ind1=" " ind2=" ">
   <subfield code="a">15.19</subfield>
   <subfield code="2">bkl</subfield>
  </datafield>
  <datafield tag="100" ind1="1" ind2=" ">
   <subfield code="a">Müller-Karpe, Hermann</subfield>
   <subfield code="d">1925-2013</subfield>
   <subfield code="0">(DE-588)119271540</subfield>
   <subfield code="0">(DE-627)080076351</subfield>
   <subfield code="0">(DE-576)162309392</subfield>
   <subfield code="4">aut</subfield>
  </datafield>
  <datafield tag="245" ind1="1" ind2="0">
   <subfield code="a">Handbuch der Vorgeschichte</subfield>
   <subfield code="p">Bd. 2. Jungsteinzeit</subfield>
   <subfield code="n">Teilbd. 1</subfield>
   <subfield code="p">Text</subfield>
   <subfield code="c">von Hermann Müller-Karpe</subfield>
  </datafield>
  <datafield tag="264" ind1=" " ind2="1">
   <subfield code="a">München</subfield>
   <subfield code="b">Beck</subfield>
   <subfield code="c">1968</subfield>
  </datafield>
  <datafield tag="300" ind1=" " ind2=" ">
   <subfield code="a">XIII, 612 S.</subfield>
  </datafield>
  <datafield tag="336" ind1=" " ind2=" ">
   <subfield code="a">Text</subfield>
   <subfield code="b">txt</subfield>
   <subfield code="2">rdacontent</subfield>
  </datafield>
  <datafield tag="337" ind1=" " ind2=" ">
   <subfield code="a">ohne Hilfsmittel zu benutzen</subfield>
   <subfield code="b">n</subfield>
   <subfield code="2">rdamedia</subfield>
  </datafield>
  <datafield tag="338" ind1=" " ind2=" ">
   <subfield code="a">Band</subfield>
   <subfield code="b">nc</subfield>
   <subfield code="2">rdacarrier</subfield>
  </datafield>
  <datafield tag="583" ind1="1" ind2=" ">
   <subfield code="a">Archivierung/Langzeitarchivierung gewährleistet</subfield>
   <subfield code="f">SSG</subfield>
   <subfield code="x">XA-DE-BW</subfield>
   <subfield code="2">pdager</subfield>
   <subfield code="5">DE-21</subfield>
  </datafield>
  <datafield tag="773" ind1="1" ind2="8">
   <subfield code="w">(DE-627)1071830449</subfield>
   <subfield code="w">(DE-576)001830449</subfield>
   <subfield code="g">Bd. 2, Teilbd. 1</subfield>
   <subfield code="q">2,1</subfield>
   <subfield code="7">nnam</subfield>
  </datafield>
  <datafield tag="787" ind1="0" ind2="8">
   <subfield code="i">Rezensiert in</subfield>
   <subfield code="a">Driehaus, Jürgen, 1927 - 1986</subfield>
   <subfield code="t">[Rezension von: Hermann Müller-Karpe, Jungsteinzeit, Handbuch der Vorgeschichte, Bd. 2]</subfield>
   <subfield code="d">Hildesheim : August Lax Verlagsbuchhandlung, 1971</subfield>
   <subfield code="w">(DE-627)1681617951</subfield>
  </datafield>
  <datafield tag="787" ind1="0" ind2="8">
   <subfield code="i">Rezensiert in</subfield>
   <subfield code="a">Lüning, Jens, 1938 - </subfield>
   <subfield code="t">[Rezension von: Hermann Müller-Karpe, Handbuch der Vorgeschichte, Bd. 2, Jungsteinzeit]</subfield>
   <subfield code="d">Kevelaer, Rhld. : Verlag Butzon &amp; Berker, 1970</subfield>
   <subfield code="w">(DE-627)1758645121</subfield>
  </datafield>
  <datafield tag="787" ind1="0" ind2="8">
   <subfield code="i">Rezensiert in</subfield>
   <subfield code="a">Mandera, Heinz-Eberhard, 1922 - 1995</subfield>
   <subfield code="t">[Rezension von: Hermann Müller-Karpe, Handbuch der Vorgeschichte]</subfield>
   <subfield code="d">Berlin : Walter de Gruyter &amp; Co, 1971</subfield>
   <subfield code="w">(DE-627)1854794515</subfield>
  </datafield>
  <datafield tag="889" ind1=" " ind2=" ">
   <subfield code="w">(DE-576)484359657</subfield>
  </datafield>
  <datafield tag="935" ind1=" " ind2=" ">
   <subfield code="a">mteo</subfield>
  </datafield>
  <datafield tag="936" ind1="r" ind2="v">
   <subfield code="a">NF 1100</subfield>
   <subfield code="b">Allgemeine Nachschlagewerke der Ur- und Frühgeschichte</subfield>
   <subfield code="k">Geschichte</subfield>
   <subfield code="k">Ur- und Frühgeschichte / Prähistorische Archäologie</subfield>
   <subfield code="k">Allgemeines</subfield>
   <subfield code="k">Allgemeine Nachschlagewerke der Ur- und Frühgeschichte</subfield>
   <subfield code="0">(DE-627)1271449668</subfield>
   <subfield code="0">(DE-625)rvk/125191:</subfield>
   <subfield code="0">(DE-576)201449668</subfield>
  </datafield>
  <datafield tag="936" ind1="r" ind2="v">
   <subfield code="a">NF 1200</subfield>
   <subfield code="b">Allgemeines</subfield>
   <subfield code="k">Geschichte</subfield>
   <subfield code="k">Ur- und Frühgeschichte / Prähistorische Archäologie</subfield>
   <subfield code="k">Allgemeine und europäische Ur- und Frühgeschichte nach Epochen</subfield>
   <subfield code="k">Zeitlich übergreifende Darstellungen</subfield>
   <subfield code="k">Gesamtzeitraum</subfield>
   <subfield code="k">Allgemeines</subfield>
   <subfield code="0">(DE-627)1270710354</subfield>
   <subfield code="0">(DE-625)rvk/125211:1186</subfield>
   <subfield code="0">(DE-576)200710354</subfield>
  </datafield>
  <datafield tag="936" ind1="b" ind2="k">
   <subfield code="a">15.19</subfield>
   <subfield code="j">Vor- und Frühgeschichte</subfield>
   <subfield code="q">coli-conc RVK-&gt;BK</subfield>
   <subfield code="q">https://coli-conc.gbv.de/api/mappings/75cc445c-571d-40a5-a765-030d7671b9ad</subfield>
   <subfield code="0">(DE-627)10640329X</subfield>
  </datafield>
  <datafield tag="936" ind1="b" ind2="k">
   <subfield code="a">15.19</subfield>
   <subfield code="j">Vor- und Frühgeschichte</subfield>
   <subfield code="q">coli-conc RVK-&gt;BK</subfield>
   <subfield code="q">https://coli-conc.gbv.de/api/mappings/86628ea8-ce7c-4261-a534-79c6ddd79ae8</subfield>
   <subfield code="0">(DE-627)10640329X</subfield>
  </datafield>
  <datafield tag="951" ind1=" " ind2=" ">
   <subfield code="a">MV</subfield>
  </datafield>
  <datafield tag="991" ind1=" " ind2=" ">
   <subfield code="a">Rezensiertes Werk</subfield>
  </datafield>
  <datafield tag="999" ind1=" " ind2=" ">
   <subfield code="a">KXP-PPN1071830473</subfield>
   <subfield code="e">4978418844</subfield>
  </datafield>
 </record>
</collection>
